Zmeny zákona o správe daní a poplatkov

Najdôležitejšie zmeny a ustanovenia v novele zákona č. 609/2003 Z.z. zákona SNR č. 511/1992 Zb. o správe daní a poplatkov.

Gespeichert in:
Bibliographische Detailangaben
1. Verfasser: Hlaváčová, Jana
Format: Buchkapitel
Sprache:Slowakisch
Schlagworte:
Tags: Tag hinzufügen
Keine Tags, Fügen Sie das erste Tag hinzu!

MARC

LEADER 00000naa$a2200000$$$4500
001 0006205
005 20230919094135.5
041 0 |a slo 
044 |a SK 
245 1 0 |a Zmeny zákona o správe daní a poplatkov  |c aut. Jana Hlaváčová 
520 |a Najdôležitejšie zmeny a ustanovenia v novele zákona č. 609/2003 Z.z. zákona SNR č. 511/1992 Zb. o správe daní a poplatkov. 
610 2 0 |a správa daňová 
610 2 0 |a dane 
610 2 0 |a poplatky 
610 2 0 |a zákony 
610 2 0 |a novelizácia 
100 1 |a Hlaváčová, Jana